The Seven Summits - Statistics

General Stats
  • This quiz has been taken 214 times
  • The average score is 5 of 7
Answer Stats
Continent Mountain % Correct
Asia Everest
99%
Africa Kilimanjaro
95%
North America Denali | McKinley
88%
Europe Elbrus
79%
South America Aconcagua
71%
Antartica Vinson
49%
Oceania Puncak Jaya
39%
No matching quizzes found
Score Distribution
Percent of People with Each Score
Percentile by Number Answered
Your Score History
You have not taken this quiz